| 000 | 00454nam a2200181Ia 4500 | ||
|---|---|---|---|
| 005 | 20240823040958.0 | ||
| 008 | 240823s9999||||xx |||||||||||||| ||und|| | ||
| 020 | _a978-93-8116-264-4 | ||
| 041 | _aENGLISH | ||
| 082 | _A346.07 Q2 | ||
| 100 | _aMoshal B S | ||
| 245 | 0 | _aEssentials of Business and Industrial Laws | |
| 260 |
_c2012 _bAne Books Pv |
||
| 500 | _aYES | ||
| 650 |
_aIndustrial Law _bManagement Studies |
||
| 942 | _cBK | ||
| 999 |
_c204401 _d204401 |
||